000 00727nam a2200253 i 4500
001 bg
100 1 _aLONDON, Sherry
245 1 0 _aPainter 6 :
_befekty specjalne /
_cSherry London, Rhoda Grossman.
246 _iTyt. oryg.:
_aPainter 6 f/x & design
260 _aGliwice :
_b"Helion",
_c2001.
300 _a379 s., [8] s. tabl. kolor. :
_bil. ;
_c24 cm +
_eCD ROM.
500 _aTyt. oryg.: "Painter 6 f/x & design".
504 _aIndeks.
650 9 _aPainter 6
655 _aĆwiczenia i zadania
700 1 _aGROSSMAN, Rhoda
020 _a837197361
040 _cBPK
041 1 _apl
_hen
080 _a004.42:004.92](076)
920 _a83-7197-36-1
942 _cKS
008 s pl f |000 0 pol
999 _c39816
_d39816
856 _uhttp://koha.tu.koszalin.pl/cgi-bin/koha/opac-detail.pl?biblionumber=39816
_yKatalog online BPK